000 01664nam a2200445 i 4500
001 DIGCSIC0754
003 NyNyDIG
007 cr |||||||||||
008 241008s2024 sp a ob 000 0 spa d
006 m o d
035 _a(OCoLC)1440201458
040 _aDGITA
_beng
_erda
_epn
_cDGITA
020 _a9788400112783
_qeBook
_qCSIC
020 _a9788410670334
_qeBook
_qCatarata
020 _z9788400112776
_qCSIC
020 _z9788410670327
_qCatarata
024 7 _a155-24-093-8
_qeNIPO
_2nipo
024 7 _z155-24-092-2
_2nipo
050 1 4 _aQE721.2.E97 ebook
100 1 _aLópez Gómez, José,
_eauthor.
245 1 3 _aLa vida al borde del abismo :
_bla mayor extinción conocida de la Tierra /
_cJosé T. López Gómez.
264 1 _aMadrid :
_bCSIC :
_bCatarata,
_c[2024]
300 _a1 online resource :
_billustrations.
336 _atext
_btxt
_2rdacontent
337 _acomputer
_bc
_2rdamedia
338 _aonline resource
_bcr
_2rdacarrier
347 _atext file
_2rdaft
347 _bPDF
490 1 _aColección ¿Qué sabemos de?
504 _aIncludes bibliographical references.
588 0 _aOnline resource; title from PDF title page (Digitalia, viewed October 8, 2024)
650 0 _aMass extinctions.
791 2 _aDigitalia (Firm),
_edistributor.
793 0 _gDigitalia eBook Collection:
_aEditorial CSIC
776 0 8 _iPrint version:
_aLópez Gómez, José.
_tVida al borde del abismo.
_dMadrid : CSIC : Catarata, [2024]
_z9788400112776
830 0 _a¿Qué sabemos de? ;
_v156.
856 4 0 _3Digitalia Hispánica
_uhttps://www.digitaliapublishing.com/a/159016/
910 _aPremium collection: 2024
942 _cRAA
999 _c288078
_d288078